000 00806nam a22001937a 4500
999 _c17907
_d17907
003 OSt
005 20230127133154.0
008 230127b ||||| |||| 00| 0 eng d
040 _c0
082 _aDPer 910.46 T156 2019 v76PA-76PB
100 _aPizam, Abraham.
_eauthor.
_947642
245 _aExperienscape :
_bexpanding the concept of servicescape with multistakeholder and multi-disclinary approach (invited paper for 'luminaries' special issue of international journal of hospitality management) /
_cAbraham Pizam, Asli D. A. Tasci.
260 _aAmsterdam :
_bElsevier,
_c©January 2019.
300 _av 76PB, pages 25-37 : illustrations.
650 _aHospitality industry.
_947643
700 _aPizam, Abraham.
_eauthor.
_947642
700 _aTasci, Asli D. A.
_eauthor.
_947644
942 _2ddc
_cPER